Mezinárodní obchodní arbitráž

Salvato in:
Dettagli Bibliografici
Autore principale: Růžička, Květoslav
Natura: Libro
Lingua:ceco
Pubblicazione: Praha PROSPEKTRUM 1997
Soggetti:
Tags: Aggiungi Tag
Nessun Tag, puoi essere il primo ad aggiungerne!!

MARC

LEADER 00000nam a2200000 4500
001 c103166
005 20221124073704.3
020 |a 80-7175-051-4 
041 0 |a cze 
044 |a CZ 
245 1 0 |a Mezinárodní obchodní arbitráž  |c Květoslav Růžička 
264 1 |a Praha  |b PROSPEKTRUM  |c 1997 
300 |a 163 s. 
610 2 0 |a arbitráž obchodná medzinárodná 
610 2 0 |a procesy rozhodovacie 
610 2 0 |a právo verejné medzinárodné 
610 2 0 |a zmluvy zahraničnoobchodné 
100 1 |a Růžička, Květoslav